|
|
|
|
| LEADER |
00000ngm a2200000 a 4500 |
| 001 |
vtls008186841 |
| 003 |
SK-MaSNL |
| 005 |
20260302074051.0 |
| 007 |
vd cvaizu |
| 008 |
050728s2006 xo 057 g vlslo |
| 015 |
|
|
|a SNBJ2007
|
| 040 |
|
|
|a SNK
|b slo
|c SNK
|e AACR2
|
| 041 |
0 |
|
|a slo
|
| 044 |
|
|
|a xo
|c SK
|
| 072 |
|
7 |
|a 575
|x Všeobecná genetika. Všeobecná cytogenetika. Evolúcia
|2 konspekt
|
| 080 |
|
|
|a 791.229
|2 2001
|
| 080 |
|
|
|a (0.034.44)
|2 2001
|
| 080 |
|
|
|a 575.8
|2 2001
|
| 245 |
0 |
0 |
|a Príbeh života
|h videozáznam
|b fakty, o ktorých sa nehovorí
|
| 260 |
|
|
|a Bratislava
|b Slovenské evanjelizačné stredisko pre masmédia
|c [2005]
|
| 300 |
|
|
|a 1 videodisk (DVD) (57 min.)
|b fareb., zvuk.
|
| 530 |
|
|
|a Dostupné aj na videokazete
|
| 650 |
0 |
7 |
|a dokumentárne filmy
|2 SNKPH
|9 3400
|
| 650 |
0 |
7 |
|a prírodopisné filmy
|2 SNKPH
|9 314701
|
| 650 |
0 |
7 |
|a evolúcia (biológia)
|2 SNKPH
|9 4347
|
| 655 |
|
7 |
|a DVD
|2 SNKPH
|9 70751
|
| 999 |
|
|
|c 1163544
|d 1165474
|
| 952 |
|
|
|a SNK
|b SNK
|y PREZ
|7 0
|p 17A0479709
|o snkSDVD 32
|i snk2005/13256
|8 0
|0 0
|1 0
|4 0
|d 2005-07-28
|l 0
|r 2026-02-24 20:40:40
|w 2026-02-24
|